[Event "17th ECh U20"]
[Site "Arnhem NED"]
[Date "1987.12.19"]
[Round "1"]
[White "Brenninkmeijer, Joris"]
[Black "Calinescu, Gruia"]
[Result "0-1"]
[WhiteElo "2345"]
[BlackElo "2240"]
[EventDate "1987.12.19"]
[PlyCount "80"]

1.d4 d5 2.c4 e6 3.Nf3 c5 4.cxd5 exd5 5.Nc3 Nc6 6.Bg5 Be7 7.Bxe7 Ngxe7 8.
dxc5 Qa5 9.e3 Qxc5 10.Be2 O-O 11.O-O Be6 12.Qa4 Qb6 13.Qa3 Rfd8 14.Rfd1 
Rac8 15.Rd2 h6 16.Rad1 a6 17.h3 Re8 18.Nd4 Ne5 19.Na4 Qd8 20.b3 Nd7 21.
Nxe6 fxe6 22.Bg4 Rc6 23.e4 Nf6 24.Bf3 Qc7 25.exd5 Nexd5 26.Nb2 Rc3 27.Nd3 
a5 28.Qa4 Re7 29.Qd4 b5 30.Re1 a4 31.Nb4 Nxb4 32.Qxb4 axb3 33.axb3 Qc5 34.
Rd8+ Kf7 35.Qf4 Qf5 36.Qb8 Nd7 37.Qa8 Qg5 38.Bg4 Rc1 39.Bxe6+ Rxe6 40.
Rxd7+ Kg6 0-1

[Event "17th ECh U20"]
[Site "Arnhem NED"]
[Date "1987.12.19"]
[Round "1"]
[White "Hansen, Lars Bo"]
[Black "Spycher, Bernard"]
[Result "1-0"]
[WhiteElo "2355"]
[BlackElo "2245"]
[EventDate "1987.12.19"]
[PlyCount "65"]

1.d4 Nf6 2.c4 g6 3.Nc3 Bg7 4.e4 d6 5.Bd3 e5 6.Nge2 O-O 7.O-O c6 8.b3 exd4 
9.Nxd4 d5 10.exd5 cxd5 11.Bb2 dxc4 12.Bxc4 a6 13.a4 b6 14.Nf3 Nc6 15.Ba3 
Re8 16.b4 Ra7 17.Qb3 Be6 18.Rad1 Rd7 19.Bxe6 Rxe6 20.Ng5 Ree7 21.b5 Nd4 
22.Bxe7 Qxe7 23.Rxd4 Rxd4 24.bxa6 Ng4 25.Nf3 Rd3 26.Qc4 Rxc3 27.Qxg4 Qa7 
28.Re1 Qxa6 29.Re8+ Bf8 30.h4 Rc1+ 31.Kh2 Rc4 32.Qd7 Qxa4 33.Qe7 1-0

[Event "17th ECh U20"]
[Site "Arnhem NED"]
[Date "1987.12.19"]
[Round "1"]
[White "McMahon, Daire"]
[Black "Gelfand, Boris"]
[Result "0-1"]
[WhiteElo "2290"]
[BlackElo "2510"]
[EventDate "1987.12.19"]
[PlyCount "64"]

1.d4 Nf6 2.Nf3 d6 3.Bg5 Nbd7 4.Nbd2 h6 5.Bh4 g5 6.Bg3 Nh5 7.e3 Bg7 8.Bd3 
e6 9.c3 b6 10.Qb3 Bb7 11.O-O-O Qe7 12.e4 O-O 13.Ng1 c5 14.Ne2 d5 15.Qa3 
Rfe8 16.Kb1 Nxg3 17.hxg3 Qd8 18.Bb5 dxe4 19.dxc5 Qc7 20.Nc4 Bc6 21.Bxc6 
Qxc6 22.Rd6 Qxc5 23.Qxc5 Nxc5 24.Rhd1 Rec8 25.Ne3 Kf8 26.R6d2 b5 27.Nd4 
Rab8 28.Nec2 a5 29.Nb3 Nd3 30.Re2 b4 31.Nxa5 bxc3 32.b3 Rc5 0-1

[Event "17th ECh U20"]
[Site "Arnhem NED"]
[Date "1987.12.19"]
[Round "1"]
[White "Norwood, David Robert"]
[Black "Bellini, Fabio"]
[Result "1-0"]
[WhiteElo "2405"]
[BlackElo "2275"]
[EventDate "1987.12.19"]
[PlyCount "83"]

1.g3 d5 2.Bg2 Nf6 3.Nf3 c6 4.O-O Bf5 5.d3 e6 6.Nbd2 Be7 7.Qe1 h6 8.e4 Bh7 
9.Qe2 O-O 10.Kh1 Re8 11.b3 a5 12.a3 a4 13.b4 c5 14.bxc5 Bxc5 15.e5 Nfd7 
16.d4 Be7 17.c4 Nb6 18.Bb2 Nc6 19.Rac1 Na5 20.c5 Nbc4 21.Nxc4 Nxc4 22.Ne1 
b5 23.f4 Qd7 24.g4 Reb8 25.Rc3 Bd8 26.g5 hxg5 27.fxg5 Bxg5 28.Rg3 Bh6 29.
Nd3 Bxd3 30.Rxd3 b4 31.Rg3 bxa3 32.Qh5 Rb3 33.Bc3 Rxc3 34.Rxc3 Ne3 35.Rg1 
Nf5 36.Bh3 g6 37.Bxf5 Bg7 38.Bxg6 fxg6 39.Qxg6 a2 40.Ra3 Qf7 41.Qxf7+ Kxf7
42.Rxa2 1-0

[Event "17th ECh U20"]
[Site "Arnhem NED"]
[Date "1987.12.19"]
[Round "1"]
[White "Pieniazek, Artur"]
[Black "Horvath, Csaba"]
[Result "1-0"]
[WhiteElo "2280"]
[BlackElo "2455"]
[EventDate "1987.12.19"]
[PlyCount "81"]

1.d4 f5 2.Nf3 Nf6 3.c4 e6 4.Nc3 c6 5.Bf4 Be7 6.e3 d6 7.Be2 O-O 8.O-O Nbd7 
9.b4 Nh5 10.Qb3 Kh8 11.c5 Nxf4 12.exf4 Nf6 13.Rfe1 Nd5 14.g3 Bd7 15.Bc4 h6
16.Re2 g5 17.fxg5 hxg5 18.Bxd5 cxd5 19.Rae1 g4 20.cxd6 Bxd6 21.Ne5 Rf6 22.
Nd1 Bb5 23.Rc2 Kg7 24.a4 Be8 25.Nd3 b6 26.Ne3 Rc8 27.Ng2 Rxc2 28.Qxc2 Bd7 
29.Ngf4 Rh6 30.Ne5 Bxb4 31.Rc1 Bd6 32.Qe2 Be8 33.Qa6 Qe7 34.Rc8 Rh7 35.Ra8
Kh6 36.Qc8 Bxe5 37.dxe5 Bf7 38.Qc1 Kg7 39.Rc8 Qb4 40.Nxe6+ Bxe6 41.Qg5+ 
1-0

[Event "17th ECh U20"]
[Site "Arnhem NED"]
[Date "1987.12.19"]
[Round "1"]
[White "Vandevoort, Pascal"]
[Black "Torhallsson, Trostur"]
[Result "1-0"]
[WhiteElo "2005"]
[BlackElo "2345"]
[EventDate "1987.12.19"]
[PlyCount "65"]

1.e4 d5 2.exd5 Nf6 3.d4 Nxd5 4.Nf3 g6 5.c4 Nb6 6.h3 Bg7 7.Nc3 O-O 8.Be3 c5
9.Be2 cxd4 10.Nxd4 Na6 11.O-O e5 12.Ndb5 Qh4 13.Qc1 h6 14.c5 Nd7 15.Nd5 e4
16.f4 exf3 17.Rxf3 Ne5 18.Rf4 Qd8 19.Rd4 Nc6 20.Rd1 Qh4 21.Bf2 Qe4 22.Bf3 
Qe5 23.Nd4 Qe8 24.Re1 Ne5 25.Qf4 Nxf3+ 26.Nxf3 Qb5 27.Nf6+ Kh8 28.Bd4 Qd3 
29.Ne8 Bxd4+ 30.Nxd4 Kh7 31.Qf6 Rg8 32.Qxf7+ Kh8 33.Qf6+ 1-0

[Event "17th ECh U20"]
[Site "Arnhem NED"]
[Date "1987.12.19"]
[Round "1"]
[White "Wians, Camille"]
[Black "Riemersma, Liafbern"]
[Result "0-1"]
[WhiteElo "2245"]
[BlackElo "2345"]
[EventDate "1987.12.19"]
[PlyCount "58"]

1.Nf3 Nf6 2.c4 g6 3.Nc3 Bg7 4.g3 O-O 5.Bg2 Nc6 6.O-O d6 7.Rb1 a5 8.a3 e5 
9.d3 h6 10.b4 axb4 11.axb4 Be6 12.b5 Ne7 13.Bb2 Qd7 14.c5 Nfd5 15.e4 Nb4 
16.cxd6 Qxd6 17.d4 Bc4 18.dxe5 Qc5 19.Ne2 Rfd8 20.Qc1 Qxb5 21.Nfd4 Qa6 22.
e6 Nd3 23.exf7+ Kxf7 24.Qe3 Nxb2 25.Rxb2 c5 26.e5 cxd4 27.Qf4+ Kg8 28.Rxb7
Ra7 29.e6 Rxb7 0-1

[Event "17th ECh U20"]
[Site "Arnhem NED"]
[Date "1987.12.20"]
[Round "2"]
[White "Casagrande, Harald"]
[Black "Wians, Camille"]
[Result "1-0"]
[WhiteElo "2325"]
[BlackElo "2245"]
[EventDate "1987.12.19"]
[PlyCount "165"]

1.Nf3 Nf6 2.c4 e6 3.g3 c5 4.Bg2 b6 5.Ne5 d5 6.Nc3 Bb7 7.Qa4+ Nbd7 8.d3 Bd6
9.Bf4 Bxe5 10.Bxe5 O-O 11.Bd6 Re8 12.b4 Qc8 13.O-O Bc6 14.b5 Bb7 15.e4 d4 
16.Ne2 e5 17.f4 exf4 18.gxf4 Re6 19.Bh3 Rxd6 20.e5 Qe8 21.Ng3 Nxe5 22.fxe5
Qxe5 23.Rae1 Qg5 24.Re7 Qh4 25.Rxb7 Qxh3 26.Qxa7 Rf8 27.Rb8 Qd7 28.Rxf8+ 
Kxf8 29.Qa8+ Qd8 30.Qxd8+ Rxd8 31.a4 Ng4 32.a5 bxa5 33.Ra1 Ne5 34.Ra3 g6 
35.Ne4 Rc8 36.Nd6 Rb8 37.Ne4 Nd7 38.Rxa5 f5 39.Ng5 h6 40.Ne6+ Kf7 41.Ra6 
g5 42.Nc7 Rb7 43.Ne6 Rb8 44.Nc7 Rb7 45.Rc6 Ne5 46.Rxh6 Nxd3 47.Na6 Kg7 48.
Rc6 Nb2 49.Nxc5 Rb8 50.Ne6+ Kf6 51.Nxd4+ Ke5 52.Nb3 g4 53.b6 Nxc4 54.Rxc4 
Rxb6 55.Rc5+ Kf4 56.Nd4 Rb1+ 57.Kg2 Rb2+ 58.Rc2 Rb4 59.Rf2+ Kg5 60.Nxf5 
Rb3 61.Nd4 Rd3 62.Ne6+ Kh4 63.Nc5 Rd4 64.Re2 Rb4 65.Ne4 Rb5 66.Nf2 Kh5 67.
Re4 Rb2 68.Rd4 Re2 69.Kf1 Ra2 70.Nxg4 Ra1+ 71.Kg2 Ra8 72.Nf2 Ra2 73.Kg3 
Ra3+ 74.Rd3 Ra5 75.h4 Kg6 76.Nh3 Ra1 77.Kg4 Ra5 78.Rd6+ Kg7 79.Ng5 Ra7 80.
Kh5 Ra5 81.Rg6+ Kh8 82.Kh6 Ra7 83.Rd6 1-0

[Event "17th ECh U20"]
[Site "Arnhem NED"]
[Date "1987.12.20"]
[Round "2"]
[White "Gelfand, Boris"]
[Black "Damaso, Rui"]
[Result "1-0"]
[WhiteElo "2510"]
[BlackElo "2320"]
[EventDate "1987.12.19"]
[PlyCount "51"]

1.e4 c5 2.Nf3 d6 3.d4 cxd4 4.Nxd4 Nf6 5.Nc3 Nc6 6.Be2 g6 7.O-O Bg7 8.Nb3 
O-O 9.Bg5 Be6 10.Kh1 a5 11.a4 h6 12.Bh4 g5 13.Bg3 d5 14.Nc5 d4 15.Nb5 Bc8 
16.Bc7 Qe8 17.Bb6 Rb8 18.Nc7 Qd8 19.Nd5 Qd6 20.Nxf6+ Qxf6 21.Qd2 Qg6 22.f4
gxf4 23.Rxf4 e5 24.Rf3 Qg5 25.Qxg5 hxg5 26.Bc4 1-0

[Event "17th ECh U20"]
[Site "Arnhem NED"]
[Date "1987.12.20"]
[Round "2"]
[White "Horvath, Csaba"]
[Black "Bellini, Fabio"]
[Result "1-0"]
[WhiteElo "2455"]
[BlackElo "2275"]
[EventDate "1987.12.19"]
[PlyCount "81"]

1.e4 e5 2.Nf3 Nc6 3.Bb5 g6 4.O-O Bg7 5.c3 a6 6.Bc4 d6 7.d4 Qe7 8.dxe5 dxe5
9.b3 Be6 10.Ba3 Qd7 11.Nbd2 Nge7 12.Ng5 Bxc4 13.Nxc4 h6 14.Qxd7+ Kxd7 15.
Rad1+ Ke8 16.Nf3 f6 17.Ne3 Bf8 18.Rd2 Rg8 19.Rfd1 Rd8 20.Rxd8+ Nxd8 21.Ng4
Bg7 22.Bxe7 Kxe7 23.Nh4 Ke8 24.h3 h5 25.Ne3 Bh8 26.Nd5 Ne6 27.b4 b5 28.a3 
c6 29.Nb6 f5 30.exf5 gxf5 31.Rd6 Nf4 32.Rxc6 e4 33.Kf1 Kf7 34.g3 Nxh3 35.
Nxf5 Rd8 36.Nd6+ Ke7 37.Nxe4 h4 38.Kg2 Nxf2 39.Kxf2 hxg3+ 40.Kxg3 Rd1 41.
Kf4 1-0

[Event "17th ECh U20"]
[Site "Arnhem NED"]
[Date "1987.12.20"]
[Round "2"]
[White "Kosic, Dragan"]
[Black "Vandevoort, Pascal"]
[Result "1-0"]
[WhiteElo "2385"]
[BlackElo "2005"]
[EventDate "1987.12.19"]
[PlyCount "117"]

1.d4 e6 2.c4 Nf6 3.Nf3 d5 4.cxd5 exd5 5.Nc3 c6 6.Bg5 Nbd7 7.e3 Be7 8.Qc2 
h6 9.Bh4 O-O 10.Bd3 Re8 11.O-O Ne4 12.Bxe4 Bxh4 13.Bh7+ Kf8 14.Bd3 Be7 15.
Rab1 Bd6 16.b4 Nf6 17.b5 Bg4 18.Nd2 Bd7 19.bxc6 bxc6 20.Bf5 Bxf5 21.Qxf5 
g6 22.Qd3 Qc7 23.h3 Rab8 24.Nb3 Kg7 25.Rfc1 Ne4 26.Rc2 Nxc3 27.Qxc3 Re6 
28.Rbc1 Ba3 29.Rd1 f5 30.g3 Bb4 31.Qd3 Rbe8 32.Nc1 Kf6 33.Ne2 g5 34.Rb1 
Ba5 35.Qa6 Bb6 36.a4 Qc8 37.Qd3 Qc7 38.Kg2 Qe7 39.Rbc1 Qd7 40.Qa6 Qc8 41.
Qxc8 Rxc8 42.Nc3 Rc7 43.Nxd5+ cxd5 44.Rxc7 Bxc7 45.Rxc7 Ra6 46.Rc5 Rxa4 
47.Rxd5 Ra1 48.Rd6+ Kg7 49.g4 fxg4 50.hxg4 a5 51.Kf3 a4 52.Ke4 a3 53.Ra6 
a2 54.Kf5 h5 55.gxh5 g4 56.h6+ Kh7 57.Kg5 g3 58.Ra7+ Kh8 59.Kg6 1-0

[Event "17th ECh U20"]
[Site "Arnhem NED"]
[Date "1987.12.20"]
[Round "2"]
[White "Lev, Ronen"]
[Black "Gdanski, Jacek"]
[Result "1-0"]
[WhiteElo "2400"]
[BlackElo "2400"]
[EventDate "1987.12.19"]
[PlyCount "85"]

1.d4 Nf6 2.c4 c5 3.d5 g6 4.Nc3 d6 5.Nf3 Bg7 6.e4 O-O 7.Be2 e6 8.Bf4 exd5 
9.exd5 Re8 10.O-O Bf5 11.Bd3 Ne4 12.Nxe4 Bxe4 13.Re1 Bxf3 14.Qxf3 Be5 15.
Bxe5 dxe5 16.Bc2 Qd6 17.Ba4 Re7 18.Qc3 Na6 19.Rad1 Nc7 20.b4 Na6 21.a3 Rc8
22.Bb5 Nb8 23.Rd2 a6 24.Ba4 Nd7 25.Bxd7 Qxd7 26.d6 Re6 27.Red1 Rc6 28.bxc5
Rxc5 29.Qb4 Rc6 30.c5 Re8 31.Rd5 e4 32.h3 e3 33.fxe3 Rxe3 34.Qd4 Re6 35.
Re5 Rc8 36.Rde1 Rxe5 37.Rxe5 Re8 38.Rxe8+ Qxe8 39.d7 Qd8 40.Qd6 h5 41.Qd5 
Kg7 42.Qxb7 Qe7 43.Qc7 1-0

[Event "17th ECh U20"]
[Site "Arnhem NED"]
[Date "1987.12.20"]
[Round "2"]
[White "Spycher, Bernard"]
[Black "Brenninkmeijer, Joris"]
[Result "0-1"]
[WhiteElo "2245"]
[BlackElo "2345"]
[EventDate "1987.12.19"]
[PlyCount "52"]

1.e4 e6 2.d4 d5 3.Nd2 Nf6 4.e5 Nfd7 5.Bd3 c5 6.c3 Nc6 7.Ne2 cxd4 8.cxd4 f6
9.exf6 Nxf6 10.Nf3 Bd6 11.O-O O-O 12.Bg5 Bd7 13.Rc1 Kh8 14.Nc3 Qe8 15.Bh4 
Qh5 16.Be2 Ng4 17.g3 Qf5 18.Bg5 Rae8 19.Kg2 e5 20.dxe5 Ncxe5 21.Nxe5 Nxe5 
22.Be3 Qh3+ 23.Kg1 Ng4 24.Bxg4 Bxg4 25.f3 Rxe3 26.fxg4 Rxg3+ 0-1

[Event "17th ECh U20"]
[Site "Arnhem NED"]
[Date "1987.12.20"]
[Round "2"]
[White "Torhallsson, Trostur"]
[Black "Bern, Ivar"]
[Result "1-0"]
[WhiteElo "2345"]
[BlackElo "2275"]
[EventDate "1987.12.19"]
[PlyCount "37"]

1.d4 f5 2.Nc3 d5 3.f3 Nf6 4.Bg5 c5 5.e3 e6 6.Qd2 Nc6 7.O-O-O cxd4 8.exd4 
Bb4 9.a3 Ba5 10.g4 O-O 11.gxf5 exf5 12.Nh3 Be6 13.Nf4 Qd6 14.Rg1 Ne7 15.
Qe3 Bd7 16.Qe5 Bc7 17.Bxf6 Rxf6 18.Ncxd5 Nxd5 19.Nxd5 1-0

[Event "17th ECh U20"]
[Site "Arnhem NED"]
[Date "1987.12.21"]
[Round "3"]
[White "Bellini, Fabio"]
[Black "Wians, Camille"]
[Result "1/2-1/2"]
[WhiteElo "2275"]
[BlackElo "2245"]
[EventDate "1987.12.19"]
[PlyCount "93"]

1.e4 c5 2.Nf3 d6 3.d4 cxd4 4.Nxd4 Nf6 5.Nc3 a6 6.Be2 e5 7.Nf3 Qc7 8.Bg5 
Nbd7 9.a4 b6 10.Nd2 h6 11.Bh4 Be7 12.Nc4 Bb7 13.Ne3 Rc8 14.Bc4 O-O 15.Qe2 
Nc5 16.Nf5 Ne6 17.Bd5 Nd4 18.Nxd4 exd4 19.Bxb7 Qxb7 20.Bxf6 Bxf6 21.Nd5 
Rfe8 22.Nxf6+ gxf6 23.O-O Qxe4 24.Qh5 Kg7 25.Rac1 Rc4 26.b3 Rc3 27.Qd1 Re5
28.Qd2 b5 29.axb5 axb5 30.Rcd1 Rxc2 31.Qxd4 Qxd4 32.Rxd4 Rb2 33.Rb4 f5 34.
h3 f4 35.Rd1 f3 36.gxf3 Ree2 37.Rxd6 Rxf2 38.Rxb5 Rxf3 39.h4 Rc3 40.Rd1 
Rg3+ 41.Kf1 Rf3+ 42.Kg1 Rbxb3 43.Rxb3 Rxb3 44.Kg2 Kg6 45.Rd5 f5 46.Ra5 Re3
47.Rb5 1/2-1/2

[Event "17th ECh U20"]
[Site "Arnhem NED"]
[Date "1987.12.21"]
[Round "3"]
[White "Brenninkmeijer, Joris"]
[Black "Koch, Jean-Rene"]
[Result "1-0"]
[WhiteElo "2345"]
[BlackElo "2270"]
[EventDate "1987.12.19"]
[PlyCount "131"]

1.d4 Nf6 2.c4 c5 3.d5 b5 4.a4 bxc4 5.Nc3 g6 6.e4 d6 7.Bxc4 Bg7 8.Nf3 Bg4 
9.h3 Bxf3 10.Qxf3 Nbd7 11.O-O O-O 12.Qe2 Rb8 13.f4 Ne8 14.Nb5 Ra8 15.a5 
Nc7 16.Nc3 Rb8 17.Be3 e6 18.dxe6 Nxe6 19.Bxe6 fxe6 20.Rad1 Qe7 21.Rd2 Rfd8
22.Rfd1 Nf6 23.Bf2 Ne8 24.Qg4 Rdc8 25.f5 exf5 26.exf5 gxf5 27.Qxf5 Be5 28.
Nd5 Qg7 29.Bh4 Kh8 30.Rf1 Nc7 31.Bf6 Bxf6 32.Nxf6 Rf8 33.Rxd6 Rxb2 34.Qe4 
Rb4 35.Qe5 Rd4 36.Qxc5 Rxd6 37.Qxd6 Ne8 38.Nxe8 Rxe8 39.a6 Rg8 40.Qd5 Rb8 
41.Qe4 Rd8 42.Qf4 Rg8 43.Rf2 Rc8 44.Kh2 Kg8 45.Rf3 Kh8 46.Re3 Rg8 47.Qe5 
Qxe5+ 48.Rxe5 Rg6 49.Re8+ Kg7 50.Re7+ Kh6 51.Rxa7 Rf6 52.g4 Rf2+ 53.Kg3 
Ra2 54.Kf4 Kg6 55.Ke5 h5 56.gxh5+ Kxh5 57.Ra8 Kg6 58.Kd6 Kg7 59.Kc6 Ra3 
60.h4 Rc3+ 61.Kb7 Rb3+ 62.Ka7 Rh3 63.Rb8 Rxh4 64.Rb6 Re4 65.Ka8 Kf7 66.a7 
1-0

[Event "17th ECh U20"]
[Site "Arnhem NED"]
[Date "1987.12.21"]
[Round "3"]
[White "Calinescu, Gruia"]
[Black "Torhallsson, Trostur"]
[Result "1/2-1/2"]
[WhiteElo "2240"]
[BlackElo "2345"]
[EventDate "1987.12.19"]
[PlyCount "104"]

1.d4 e6 2.c4 Nf6 3.Nf3 d5 4.Nc3 c6 5.Bg5 h6 6.Bxf6 Qxf6 7.e3 Nd7 8.Bd3 Bd6
9.O-O O-O 10.c5 Bc7 11.e4 dxe4 12.Nxe4 Qd8 13.Bc4 Kh8 14.Re1 a5 15.Qc2 b5 
16.cxb6 Nxb6 17.Bf1 Bd7 18.Ne5 Nd5 19.a3 Rb8 20.Nc5 Be8 21.Na6 Rb6 22.Nxc7
Qxc7 23.Rab1 f6 24.Nc4 Rb5 25.Nd2 Rb8 26.g3 Bd7 27.Ne4 Rbe8 28.Nc5 Bc8 29.
Bh3 e5 30.Bxc8 Qxc8 31.dxe5 fxe5 32.Re4 Nf6 33.Re2 Qh3 34.f3 Nh7 35.Rf1 
Ng5 36.Re3 Qh5 37.Qe2 Re7 38.h4 Nf7 39.Ne4 Nd8 40.Nc5 Nf7 41.Nd3 Rfe8 42.
Re1 Qf5 43.Kg2 Re6 44.Re4 Rd8 45.g4 Qf6 46.Nxe5 Nxe5 47.Rxe5 Rxe5 48.Qxe5 
Qxh4 49.Re2 Rd1 50.Qe8+ Kh7 51.Qe4+ Kh8 52.Qe8+ Kh7 1/2-1/2

[Event "17th ECh U20"]
[Site "Arnhem NED"]
[Date "1987.12.21"]
[Round "3"]
[White "Fernandez Aguado, Enrique"]
[Black "Kosic, Dragan"]
[Result "1-0"]
[WhiteElo "2335"]
[BlackElo "2385"]
[EventDate "1987.12.19"]
[PlyCount "111"]

1.e4 c5 2.Nf3 e6 3.d4 cxd4 4.Nxd4 Nf6 5.Nc3 d6 6.g4 h6 7.Rg1 Nc6 8.h4 h5 
9.gxh5 Nxh5 10.Bg5 Nf6 11.Qd2 a6 12.O-O-O Qc7 13.f4 Bd7 14.Kb1 Be7 15.f5 
O-O-O 16.Bh3 Nxd4 17.Qxd4 e5 18.Qa7 Qc5 19.Qxc5+ dxc5 20.Bf1 Bc6 21.Bc4 
Rdf8 22.a4 Rh7 23.Rd3 Bd8 24.Rgd1 Rhh8 25.Bd5 Bxd5 26.Bxf6 gxf6 27.Rxd5 
Be7 28.Rh1 Rh6 29.Rd3 c4 30.Rdh3 Bc5 31.Nd5 Kd7 32.h5 Rg8 33.b4 Bd4 34.Rd1
Ke8 35.c3 Ba7 36.Nc7+ Ke7 37.Nd5+ Ke8 38.Nc7+ Ke7 39.Rh2 Rg4 40.Nd5+ Ke8 
41.Rhd2 Kf8 42.Nc7 Rg8 43.Rd8+ Kg7 44.R8d7 Rxh5 45.Ne6+ Kh6 46.Rxf7 Rh2 
47.Rxf6+ Kh5 48.Rf7 Kh6 49.Nf8 Kg5 50.Ng6 Be3 51.Nxe5 Kf4 52.Nxc4 b5 53.
Rf1+ Bf2 54.Nb2 Kxe4 55.Re7+ Kf3 56.Nd1 1-0

[Event "17th ECh U20"]
[Site "Arnhem NED"]
[Date "1987.12.21"]
[Round "3"]
[White "Gdanski, Jacek"]
[Black "McMahon, Daire"]
[Result "1-0"]
[WhiteElo "2400"]
[BlackElo "2290"]
[EventDate "1987.12.19"]
[PlyCount "53"]

1.e4 c5 2.Nf3 e6 3.d4 cxd4 4.Nxd4 Nf6 5.Nc3 d6 6.Bc4 Be7 7.Bb3 Na6 8.Qf3 
Nc5 9.Bg5 a6 10.O-O-O Bd7 11.Rhe1 O-O 12.Qg3 Nh5 13.Bxe7 Qxe7 14.Qe3 Nf6 
15.f4 e5 16.Nf5 Nxb3+ 17.axb3 Bxf5 18.exf5 Rfe8 19.h3 Qc7 20.g4 Rac8 21.
Qd2 Qa5 22.Kb1 Rcd8 23.b4 Qc7 24.g5 Nh5 25.Nd5 Qd7 26.fxe5 dxe5 27.Qe2 1-0

[Event "17th ECh U20"]
[Site "Arnhem NED"]
[Date "1987.12.21"]
[Round "3"]
[White "Hansen, Lars Bo"]
[Black "Gelfand, Boris"]
[Result "0-1"]
[WhiteElo "2355"]
[BlackElo "2510"]
[EventDate "1987.12.19"]
[PlyCount "106"]

1.d4 Nf6 2.Nf3 g6 3.c4 Bg7 4.g3 O-O 5.Bg2 d6 6.O-O c6 7.b3 e5 8.Bb2 e4 9.
Ne1 Re8 10.Nc3 h5 11.d5 c5 12.Qd2 h4 13.Nc2 Ng4 14.Ne3 Nxe3 15.Qxe3 hxg3 
16.hxg3 Nd7 17.Nd1 Bxb2 18.Nxb2 Qf6 19.Qc1 Ne5 20.Nd1 Bg4 21.Nc3 Qh8 22.
Qf4 Bf5 23.Qh4 Qxh4 24.gxh4 Ng4 25.e3 Kg7 26.Nb5 Rad8 27.Nc3 Re7 28.Rfb1 
Rh8 29.Ne2 Rxh4 30.Ng3 Nh2 31.Rb2 Bg4 32.Bxe4 Nf3+ 33.Bxf3 Bxf3 34.Kf1 f5 
35.Rc1 Kf6 36.Ke1 f4 37.Nf1 Rh1 38.Kd2 g5 39.Kc3 fxe3 40.fxe3 Rxe3+ 41.
Nxe3 Rxc1+ 42.Kd3 Ke5 43.Rh2 Rh1 44.Rf2 g4 45.a3 Rb1 46.Kc2 Ra1 47.Kb2 Re1
48.Nxg4+ Bxg4 49.Rf7 Kd4 50.Rxb7 Re2+ 51.Ka1 Kc3 52.a4 Bf5 53.a5 Bc2 0-1

[Event "17th ECh U20"]
[Site "Arnhem NED"]
[Date "1987.12.21"]
[Round "3"]
[White "Lev, Ronen"]
[Black "Pieniazek, Artur"]
[Result "1-0"]
[WhiteElo "2400"]
[BlackElo "2280"]
[EventDate "1987.12.19"]
[PlyCount "83"]

1.d4 Nf6 2.c4 e6 3.Nf3 b6 4.Nc3 Bb7 5.a3 d5 6.cxd5 Nxd5 7.e3 Be7 8.Bb5+ c6
9.Bd3 O-O 10.Qc2 h6 11.e4 Nxc3 12.bxc3 c5 13.O-O cxd4 14.cxd4 Nc6 15.Bb2 
Rc8 16.Qe2 Bf6 17.e5 Be7 18.Qe4 g6 19.Qg4 Kg7 20.h4 h5 21.Qf4 Na5 22.Rad1 
Bd5 23.Rfe1 Qd7 24.Bc1 Rxc1 25.Rxc1 Bxa3 26.Rcd1 Nc4 27.Be4 b5 28.Bxd5 
Qxd5 29.Ng5 Be7 30.Ne4 a5 31.Nc3 Qb7 32.d5 exd5 33.Nxd5 a4 34.Qd4 Kh6 35.
e6 fxe6 36.Rxe6 Bd6 37.Qe4 Qf7 38.Rf6 Qg7 39.Qe6 Be5 40.Rxf8 Qxf8 41.Ne7 
Bf6 42.Ng8+ 1-0

[Event "17th ECh U20"]
[Site "Arnhem NED"]
[Date "1987.12.21"]
[Round "3"]
[White "Vandevoort, Pascal"]
[Black "Casagrande, Harald"]
[Result "1-0"]
[WhiteElo "2005"]
[BlackElo "2325"]
[EventDate "1987.12.19"]
[PlyCount "115"]

1.e4 d5 2.exd5 Nf6 3.d4 Nxd5 4.Nf3 g6 5.c4 Nb6 6.h3 Bg7 7.Nc3 O-O 8.Be3 
Nc6 9.Qd2 e5 10.d5 Na5 11.b3 e4 12.Nd4 c6 13.Rd1 cxd5 14.c5 Nd7 15.Nxd5 
Nxc5 16.Nb5 Nd3+ 17.Bxd3 Qxd5 18.Nc7 Qxd3 19.Qxd3 exd3 20.Nxa8 Bc3+ 21.Kf1
Be5 22.f4 Bf5 23.fxe5 Rxa8 24.Kf2 Nc6 25.Bf4 h5 26.g4 hxg4 27.hxg4 Bxg4 
28.Rxd3 Re8 29.Re1 Nb4 30.Rd2 Bf5 31.Re3 Nc6 32.Kg3 Kg7 33.a3 a6 34.Rd6 
Be6 35.Bg5 Ne7 36.Bf6+ Kf8 37.Kf2 Ng8 38.Bg5 Ne7 39.Re1 Rc8 40.Rh1 Bxb3 
41.Rh8+ Ng8 42.Bf6 Be6 43.Rd1 Bg4 44.Rd4 Bh5 45.Rd7 b5 46.Ra7 Bg4 47.Rh7 
Be6 48.Bg7+ Ke8 49.Rh8 f5 50.exf6 Bc4 51.Ke3 g5 52.Kf3 a5 53.Bh6 b4 54.
Re7+ Kd8 55.Rg7 bxa3 56.Rhxg8+ Bxg8 57.Rxg8+ Kd7 58.Rxc8 1-0

[Event "17th ECh U20"]
[Site "Arnhem NED"]
[Date "1987.12.21"]
[Round "3"]
[White "Wessman, Richard"]
[Black "Horvath, Csaba"]
[Result "0-1"]
[WhiteElo "2285"]
[BlackElo "2455"]
[EventDate "1987.12.19"]
[PlyCount "86"]

1.d4 d5 2.c4 c6 3.Nf3 Nf6 4.Nc3 dxc4 5.a4 Bf5 6.e3 e6 7.Bxc4 Bb4 8.O-O O-O
9.Qb3 Qe7 10.a5 c5 11.dxc5 Bxc5 12.Nd4 Bg6 13.Qa4 Nbd7 14.Be2 a6 15.Bd2 
Bd6 16.Nb3 Rfd8 17.Rac1 h6 18.Rfd1 e5 19.Na2 Nd5 20.Be1 N7f6 21.Nc3 Nxc3 
22.Bxc3 Be4 23.Nd2 Bc6 24.Qh4 Qe6 25.Bf3 Nd5 26.Bxd5 Bxd5 27.e4 Bc6 28.Nf1
g5 29.Qg3 Bxe4 30.Re1 f5 31.Qh3 Bc6 32.Ne3 Bd7 33.Nc4 Qxc4 34.Qxh6 Qe6 35.
Qxg5+ Kf7 36.Rcd1 Bc6 37.g3 Qg6 38.Qh4 Rh8 39.Qc4+ Qe6 40.Qd3 Rxh2 41.f3 
Rh6 42.Bd2 Rh3 43.Bf4 Rah8 0-1

[Event "17th ECh U20"]
[Site "Arnhem NED"]
[Date "1987.12.22"]
[Round "4"]
[White "Casagrande, Harald"]
[Black "Calinescu, Gruia"]
[Result "0-1"]
[WhiteElo "2325"]
[BlackElo "2240"]
[EventDate "1987.12.19"]
[PlyCount "26"]

1.d4 d5 2.Nf3 c5 3.c4 e6 4.Bg5 Be7 5.Bxe7 Qxe7 6.cxd5 exd5 7.Nc3 Nf6 8.
Qa4+ Nc6 9.Ne5 O-O 10.Nxc6 bxc6 11.Qxc6 cxd4 12.Nb1 Qb4+ 13.Nd2 Bf5 0-1

[Event "17th ECh U20"]
[Site "Arnhem NED"]
[Date "1987.12.22"]
[Round "4"]
[White "Gelfand, Boris"]
[Black "Fernandez Aguado, Enrique"]
[Result "1-0"]
[WhiteElo "2510"]
[BlackElo "2335"]
[EventDate "1987.12.19"]
[PlyCount "121"]

1.d4 Nf6 2.Nf3 e6 3.g3 b6 4.Bg2 Bb7 5.c4 Bb4+ 6.Bd2 Be7 7.Nc3 O-O 8.O-O d6
9.d5 exd5 10.Nd4 c5 11.Nf5 Ne4 12.Bf4 Nxc3 13.bxc3 Qd7 14.Bxd5 Bxd5 15.
Qxd5 Nc6 16.e4 Rfe8 17.Rad1 Bf8 18.Bxd6 Bxd6 19.Qxd6 Qxd6 20.Nxd6 Re7 21.
Rd5 g6 22.Rfd1 Re6 23.f3 Rf8 24.Kf2 Ne7 25.R5d2 Nc6 26.f4 f6 27.Kf3 Na5 
28.Rd5 Kg7 29.g4 Re7 30.h4 Kg8 31.Ke3 Re6 32.Kd3 Nc6 33.Nb5 a6 34.Na3 Rfe8
35.Re1 Ne7 36.Rd7 Nc6 37.g5 Nb8 38.Rd5 Nc6 39.Nb1 fxg5 40.hxg5 Rf8 41.Ke3 
Ne7 42.Rdd1 Nf5+ 43.Kf3 Nd6 44.Nd2 b5 45.e5 Nf7 46.Kg2 h6 47.Ne4 hxg5 48.
Nxc5 Re7 49.e6 Nh6 50.fxg5 Nf5 51.cxb5 Nh4+ 52.Kg3 Nf5+ 53.Kg2 Nh4+ 54.Kg3
Nf5+ 55.Kg4 Rh7 56.Nd7 Rh4+ 57.Kf3 Rc8 58.Nf6+ Kf8 59.Rd7 Rxc3+ 60.Ke2 
Rh2+ 61.Kd1 1-0

[Event "17th ECh U20"]
[Site "Arnhem NED"]
[Date "1987.12.22"]
[Round "4"]
[White "Koch, Jean-Rene"]
[Black "Lutz, Christopher"]
[Result "1/2-1/2"]
[WhiteElo "2270"]
[BlackElo "2295"]
[EventDate "1987.12.19"]
[PlyCount "118"]

1.e4 c6 2.c4 d5 3.exd5 cxd5 4.cxd5 Qxd5 5.Nc3 Qd6 6.d4 Nf6 7.g3 Bg4 8.Qb3 
Nc6 9.d5 Nd8 10.h3 Bf5 11.Nb5 Qb6 12.Be3 Qa5+ 13.Bd2 Qb6 14.Rc1 Rc8 15.
Rxc8 Bxc8 16.Qc2 Kd7 17.Nxa7 Qxa7 18.Bb5+ Nc6 19.dxc6+ bxc6 20.Qxc6+ Kd8 
21.Be3 Qa5+ 22.Kf1 Nd7 23.Nf3 Qc7 24.Qxc7+ Kxc7 25.Ke2 e5 26.Rc1+ Kb8 27.
Rd1 Kc7 28.Bd2 Kb6 29.Bxd7 Bxd7 30.Ba5+ Kxa5 31.Rxd7 f6 32.Nd2 g6 33.Rd8 
Bg7 34.Rxh8 Bxh8 35.g4 f5 36.gxf5 gxf5 37.Nc4+ Kb4 38.Nd6 e4 39.Nxf5 Bxb2 
40.Ke3 Ka3 41.Kxe4 Kxa2 42.Nd6 Kb3 43.f4 Kb4 44.Kd5 Kc3 45.Ke5 Kd3+ 46.Kf5
Ke2 47.Kg4 h5+ 48.Kg3 Bc3 49.Nf5 Bf6 50.Kg2 Bd8 51.Ng7 Bh4 52.Nf5 Bf6 53.
Kg3 Bc3 54.Kh4 Bf6+ 55.Kxh5 Kf3 56.Kg6 Bd8 57.Ng7 Kxf4 58.Ne6+ Kg3 59.Nxd8
Kxh3 1/2-1/2

[Event "17th ECh U20"]
[Site "Arnhem NED"]
[Date "1987.12.22"]
[Round "4"]
[White "Kosic, Dragan"]
[Black "Pieniazek, Artur"]
[Result "0-1"]
[WhiteElo "2385"]
[BlackElo "2280"]
[EventDate "1987.12.19"]
[PlyCount "60"]

1.d4 Nf6 2.c4 e6 3.Nf3 b6 4.g3 Ba6 5.Nbd2 Bb7 6.Bg2 c5 7.e4 cxd4 8.e5 Ne4 
9.O-O Nxd2 10.Qxd2 Bxf3 11.Bxf3 Nc6 12.Qf4 Bc5 13.b3 Qc7 14.Bb2 Rd8 15.
Rfe1 O-O 16.Rad1 a5 17.a3 Rfe8 18.Qg5 h6 19.Qf4 d6 20.exd6 Rxd6 21.Be4 
Red8 22.Bd3 Qe7 23.h4 e5 24.Qg4 Qe6 25.Bf5 Qf6 26.Rd3 h5 27.Qh3 e4 28.Rxe4
g6 29.Bc8 Ne5 30.Rd1 Qf3 0-1